| 000 | 00847nam a22002777a 4500 | ||
|---|---|---|---|
| 003 | CHAP | ||
| 005 | 20220329134438.0 | ||
| 008 | 971013s1963 r 00010 d | ||
| 010 | _a20592 | ||
| 011 | _a21564 | ||
| 035 | _a25654 | ||
| 040 | _cCHAP | ||
| 090 | _aFolleto 2505 | ||
| 110 |
_aCEPAL _921292 |
||
| 245 |
_aPosibilidades de desarrollo industrial integrado _b: en Centroamérica |
||
| 260 |
_aNew York : _bNaciones Unidas, _c1963 |
||
| 300 |
_a53 p. _b: gráfs. ; mapas |
||
| 590 |
_aBATCH-UPD _b10 _c20130110 _lUCH01 _h0219 |
||
| 590 |
_aBATCH-UPD _b10 _c20130409 _lUCH01 _h2239 |
||
| 590 |
_aBATCH-UPD _b10 _c20130914 _lUCH01 _h1633 |
||
| 590 |
_aCONVERSION _b10 _c20130109 _lUCH01 _h1312 |
||
| 650 | 1 | 4 |
_aIndustria _xAmérica Central. _957686 |
| 901 | _aBK | ||
| 942 | _cFOLL | ||
| 949 |
_aFolleto 2505 _bBC _cFOLL _d-59149 _eTS1 _i25654 _mD _si |
||
| 999 |
_c20592 _d20592 |
||